01329nam a2200277 4500003000500000005001700005008004100022040003100063050001800094100002800112245007800140260008300218300004400301336002600345337002800371338002700399500017600426501009900602504004100701650003800742650003700780700003600817942004200853999001900895952013700914NUST20260417130112.0260417b |||||||| |||| 00| 0 eng d aNUSTbengcNUSTdNUSTerda aHD9715.Z55MPO aMpofu, Laizah.eAuthor. aRecords Management at J R Goddard Contracting Company /cby Laizah Mpofu. aBulawayo, Zimbabwe :bNational University of Science and Technology ,c©2021. axv, 62 pages :c31 cm.bIllustrations ; 2rdacontentatextbtxt 2rdamediaaunmediatedbn 2rdacarrieravolumebnc aA research project submitted to the National University of Science and Technology in partial fulfilment of the Master of Science degree in Records and Archives Management. 00(MSc in Records and Archives Management) National University of Science and Technology, 2021. aIncludes bibliographical references. aRecords managementxCase studies. aConstruction industryzZimbabwe. aDr Mehluli Masuku.eSupervisor. 2lccn0c3HOURhHD9715.Z55MPOkHDmMPO c172773d172773 00102LCC40708NFICaMAINbMAINcGENd2026-04-17l0oHD9715.Z55MPOp92004052131r2026-04-17 13:02:26tSC22/1264w2026-04-17y3HOUR